000 00312nam a2200121Ia 4500
008 231129s2004||||xx |||||||||||||| ||spa||
040 _bspa
082 _a323 C718s
245 0 _aEl Desplazamiento Forzado en Colombia.
260 _c2004
264 _aImprenta Nacional; Defensoria del Pueblo
942 _2ddc
_cBKS
999 _c10848
_d10848